<?xml version="1.0" encoding="UTF-8"?>
<marc:record xmlns:marc="http://www.loc.gov/MARC21/slim">
   <marc:leader>00000nam a2200000 a 4500</marc:leader>
   <marc:datafield ind1="1" ind2=" " tag="100">
      <marc:subfield code="a">Breitenöder, Julia</marc:subfield>
      <marc:subfield code="4">aut</marc:subfield>
      <marc:subfield code="e">Verfasser/-in</marc:subfield>
   </marc:datafield>
   <marc:datafield ind1="0" ind2="0" tag="245">
      <marc:subfield code="a">Die verzauberten Schlittschuhe und weitere Wintergeschichten</marc:subfield>
   </marc:datafield>
   <marc:datafield ind1=" " ind2="1" tag="264">
      <marc:subfield code="b">Hörbuch Hamburg HHV GmbH</marc:subfield>
   </marc:datafield>
   <marc:datafield ind1="1" ind2=" " tag="520">
      <marc:subfield code="a">Eigentlich hat Jette gar keine Lust auf Schlittschuhlaufen. Beim letzten Mal ist sie nämlich immer wieder auf ihren Po gefallen. Doch jetzt ist alles Anders! Die Schlittschuhe machen nämlich was sie wollen und gleiten ganz alleine elegant über die Eisfläche. Das ist nicht das einzige Wunder in diesen Geschichten:</marc:subfield>
   </marc:datafield>
</marc:record>
